| 000 | 00924nam a2200217Ia 4500 | ||
|---|---|---|---|
| 999 |
_c4940 _d4940 |
||
| 003 | OSt | ||
| 005 | 20200408131731.0 | ||
| 008 | 191128s1953 ag gr 000 0 spa d | ||
| 040 |
_aCO-JMCR _cCO-JMCR |
||
| 041 | 0 | _aspa | |
| 082 | 0 | 4 |
_a301.11 / _bC116r |
| 100 | 1 |
_aCabot, Hugh, _eautor _92821 |
|
| 245 | 1 | 0 |
_aRelaciones humanas : _bconceptos y casos en la ciencia social concreta : II casos / _cHugh Cabot, Joseph A. Kahl |
| 260 |
_aBuenos Aires : _bBibliográfica Omeba, _c1953 |
||
| 300 |
_a335 páginas ; _c19 cm. |
||
| 490 | 0 | _aAmérica en letras | |
| 520 | _ala comprension de las relaciones humanas se fundamenta en la íntima relación entre la observación de los hechos sociales y la sistemática reflexión acerca de ellos. Si no partimos de una observación cuidadosa de los echos herméticos y complejos. | ||
| 650 | 1 | 4 |
_aRelaciones humanas _9871 |
| 700 | 1 |
_aJoseph A. Kahl, _eautor _92822 |
|
| 942 |
_2ddc _cBK |
||